Statistics for US States with most egg laying hens

Click here to take the quiz!

General Stats

  • This quiz has been taken 20 times
  • The average score is 7 of 10

Answer Stats

000s Answer % Correct
22036Texas
94%
14052California
83%
55675Iowa
78%
32744Indiana
72%
31810Ohio
72%
28552Pennsylvania
61%
19660Georgia
61%
14570Michigan
56%
15237North Carolina
50%
13935Arkansas
33%

Score Distribution

Percentile by Number Answered

Percent of People with Each Score

Your Score History

You have not taken this quiz